• 首页
  • 本馆介绍
  • 公告通知
  • 最新文献
  • 馆藏检索
  • 电子资源
  • 读者导购
  • 参考咨询
  • 我的图书馆
  • 登录
  • 详细信息显示
  • 放入我的书架
  • 预约/预借图书
  • 作者相关作品
  • 分类相关作品
  • 丛书相关作品
  • 出版社相关作品

书目信息

  • 表格格式
  • 工作单格式
  • 卡片格式
题名:
辛酸与荣耀
    
 
作者: 饶毅 , 黎润红 , 张大庆 编著
分册:  
出版信息: 北京   北京大学出版社  2016
页数: 283页
开本: 24cm
丛书名: 知识分子书系
单 册:
中图分类: R978.61-092
科图分类:
主题词: 抗疟药--kang nue yao--药学史--中国
电子资源:
ISBN: 978-7-301-26905-3
000 01132nam0 22002891 450
001 1738590744
005 20170627164608.0
010    @a978-7-301-26905-3@dCNY45.00
100    @a20160329d2016 em y0chiy50 ea
101 0  @achi
102    @aCN@b110000
105    @aa z 000yy
106    @ar
200 1  @a辛酸与荣耀@9xin suan yu rong yao@e中国科学的诺奖之路@f饶毅,黎润红,张大庆编著
210    @a北京@c北京大学出版社@d2016
215    @a283页@c照片@d24cm
225 2  @a知识分子书系@9zhi shi fen zi shu xi
330    @a本书呈现了屠呦呦发现抗疟药青蒿素的科学背景和研究历程,与青蒿素研究一般历史记述不同的是,本书还特别介绍了我国抗疟药研究先驱张昌绍先生的科研生涯以及20世纪40年代张昌绍研究发现抗疟药常山碱的故事。
461  0 @12001 @a知识分子书系
517 1  @a中国科学的诺奖之路@9zhong guo ke xue de nuo jiang zhi lu
606 0  @a抗疟药@9kang nue yao@x药学史@y中国
690    @aR978.61-092@v5
701  0 @a饶毅@9rao yi@c(生物学家)@4编著
701  0 @a黎润红@9li run hong@c(女)@4编著
701  0 @a张大庆@9zhang da qing@f(1959~)@4编著
801  0 @aCN@bTANGWEI@c20170621
905    @b1015459-64@dR978.61-092@e111@f6
    
    辛酸与荣耀:中国科学的诺奖之路/饶毅,黎润红,张大庆编著 .-北京:北京大学出版社,2016
    283页:照片;24cm.-(知识分子书系)
    
    
    ISBN 978-7-301-26905-3:CNY45.00
    本书呈现了屠呦呦发现抗疟药青蒿素的科学背景和研究历程,与青蒿素研究一般历史记述不同的是,本书还特别介绍了我国抗疟药研究先驱张昌绍先生的科研生涯以及20世纪40年代张昌绍研究发现抗疟药常山碱的故事。
●
相关链接 在E读中查询图书 在五车中查询图书 在当当中查询图书 在豆瓣中查询图书


正题名:辛酸与荣耀     索取号:R978.61-092/111         预约/预借

序号 登录号 条形码 馆藏地/架位号 状态 备注
1 1015459   210154599   第二样本阅览室/ [索取号:R978.61-092/111] 在馆    
2 1015460   210154606   教育系资料室/ [索取号:R978.61-092/111] 在馆    
3 1015461   210154615   教育系资料室/ [索取号:R978.61-092/111] 在馆    
4 1015462   210154624   教育系资料室/ [索取号:R978.61-092/111] 在馆    
5 1015463   210154633   第三借阅区/ [索取号:R978.61-092/111] 在馆    
6 1015464   210154642   第三借阅区/ [索取号:R978.61-092/111] 在馆    
唐山师范学院图书馆 欢迎您!
大连网信软件有限公司© 版权所有